| 000 | 00525nam a2200157Ia 4500 | ||
|---|---|---|---|
| 008 | 210716s2006 xx 000 0 und d | ||
| 020 | _a8174464271 | ||
| 041 | _aeng | ||
| 082 | _a003.54 KUMD | ||
| 100 | _aKumar, Dharminder; Gupta, Sangeeta. | ||
| 245 |
_aManagement information systems: a computer oriented approach for business operations. _bComputer oriented approach for business operations. |
||
| 250 | _a1 | ||
| 260 |
_aNew Delhi _bExcel Books _c2006 |
||
| 300 | _aix,478 | ||
| 650 | _aManagement Information Systems | ||
| 999 |
_c182701 _d182701 |
||